01420cam a2200313 a 4500001001400000003000800014005001700022006001900039007001500058008004100073020003800114040003000152050002100182082001600203100001900219245011500238260002800353300003700381520028100418521001700699588004700716504005100763651004400814651005500858655002900913710001600942776003500958856011300993EDZ0000084936StDuBDS20161031105110.0m||||||||d||||||||cr |||||||||||120516s2003 enk fo| 001|0|eng d a9781446215104 (ebook) :cNo price aStDuBDSbengcStDuBDSepn 0aJK271b.S56 200304a320.9732231 aSingh, Robert.10aContemporary American politics and societyh[electronic resource] :bissues and controversies /cRobert Singh. aLondon :bSAGE,cc2003. a1 online resource (xvii, 278 p.)8 aProviding a comprehensive introduction to the most controversial topics of debate in contemporary American politics and society today, this book introduces and explains the history, nature policies and politics of the key areas of conflict in America's on-going 'culture war'. aSpecialized. aDescription based on print version record. aIncludes bibliographical references and index. 0aUnited StatesxPolitics and government. 0aUnited StatesxPolitics and governmenty2001-2009. 7aElectronic books.2local2 aSage eBooks08iPrint version :z978076194096840uhttp://ezproxy.alfaisal.edu/login?url=http://sk.sagepub.com/books/contemporary-american-politics-and-society